<?xml version="1.0" encoding="UTF-8"?>
<collection xmlns="http://www.loc.gov/MARC21/slim">
 <record>
  <leader>06582cam a2201285 c 4500</leader>
  <controlfield tag="001">358544289</controlfield>
  <controlfield tag="003">DE-627</controlfield>
  <controlfield tag="005">20251223201857.0</controlfield>
  <controlfield tag="007">tu</controlfield>
  <controlfield tag="008">030102s2002    gw ||||| c    00| ||ger c</controlfield>
  <datafield tag="010" ind1=" " ind2=" ">
   <subfield code="a">  2003397597</subfield>
  </datafield>
  <datafield tag="015" ind1=" " ind2=" ">
   <subfield code="a">03,A03,1691</subfield>
   <subfield code="2">dnb</subfield>
  </datafield>
  <datafield tag="016" ind1="7" ind2=" ">
   <subfield code="a">965758664</subfield>
   <subfield code="2">DE-101</subfield>
  </datafield>
  <datafield tag="020" ind1=" " ind2=" ">
   <subfield code="a">3777495700</subfield>
   <subfield code="q">Gewebe : EUR 75.80</subfield>
   <subfield code="9">3-7774-9570-0</subfield>
  </datafield>
  <datafield tag="035" ind1=" " ind2=" ">
   <subfield code="a">(DE-627)358544289</subfield>
  </datafield>
  <datafield tag="035" ind1=" " ind2=" ">
   <subfield code="a">(DE-576)102137129</subfield>
  </datafield>
  <datafield tag="035" ind1=" " ind2=" ">
   <subfield code="a">(DE-599)DNB965758664</subfield>
  </datafield>
  <datafield tag="035" ind1=" " ind2=" ">
   <subfield code="a">(OCoLC)248794338</subfield>
  </datafield>
  <datafield tag="035" ind1=" " ind2=" ">
   <subfield code="a">(OCoLC)54356834</subfield>
  </datafield>
  <datafield tag="035" ind1=" " ind2=" ">
   <subfield code="a">(OCoLC)881797679</subfield>
  </datafield>
  <datafield tag="035" ind1=" " ind2=" ">
   <subfield code="a">(AT-OBV)AC03579263</subfield>
  </datafield>
  <datafield tag="040" ind1=" " ind2=" ">
   <subfield code="a">DE-627</subfield>
   <subfield code="b">ger</subfield>
   <subfield code="c">DE-627</subfield>
   <subfield code="e">rakwb</subfield>
  </datafield>
  <datafield tag="041" ind1=" " ind2=" ">
   <subfield code="a">ger</subfield>
  </datafield>
  <datafield tag="044" ind1=" " ind2=" ">
   <subfield code="c">XA-DE</subfield>
  </datafield>
  <datafield tag="050" ind1=" " ind2="0">
   <subfield code="a">ND1337.E9</subfield>
  </datafield>
  <datafield tag="082" ind1="0" ind2=" ">
   <subfield code="a">757.0903407443593</subfield>
  </datafield>
  <datafield tag="082" ind1="0" ind2=" ">
   <subfield code="a">757/.09/03407443593</subfield>
  </datafield>
  <datafield tag="082" ind1="0" ind2="4">
   <subfield code="a">03</subfield>
  </datafield>
  <datafield tag="084" ind1=" " ind2=" ">
   <subfield code="a">KU 895</subfield>
   <subfield code="2">sfb</subfield>
  </datafield>
  <datafield tag="084" ind1=" " ind2=" ">
   <subfield code="a">46</subfield>
   <subfield code="a">03</subfield>
   <subfield code="2">sdnb</subfield>
  </datafield>
  <datafield tag="084" ind1=" " ind2=" ">
   <subfield code="a">9,10</subfield>
   <subfield code="2">ssgn</subfield>
  </datafield>
  <datafield tag="084" ind1=" " ind2=" ">
   <subfield code="a">LH 70450</subfield>
   <subfield code="2">rvk</subfield>
   <subfield code="0">(DE-625)rvk/94828:</subfield>
  </datafield>
  <datafield tag="084" ind1=" " ind2=" ">
   <subfield code="a">21.10</subfield>
   <subfield code="2">bkl</subfield>
  </datafield>
  <datafield tag="084" ind1=" " ind2=" ">
   <subfield code="a">20.24</subfield>
   <subfield code="2">bkl</subfield>
  </datafield>
  <datafield tag="245" ind1="0" ind2="0">
   <subfield code="a">Miniaturen des 19. Jahrhunderts aus der Sammlung Tansey</subfield>
   <subfield code="c">hrsg. von der Stiftung Miniaturensammlung Tansey im Bomann-Museum Celle. Bearb. von Bernd Pappe; Juliane Schmieglitz-Otten; Dietrun Otten</subfield>
  </datafield>
  <datafield tag="246" ind1="3" ind2="0">
   <subfield code="a">neunzehnten</subfield>
  </datafield>
  <datafield tag="264" ind1=" " ind2="1">
   <subfield code="a">München</subfield>
   <subfield code="b">Hirmer</subfield>
   <subfield code="c">2002</subfield>
  </datafield>
  <datafield tag="300" ind1=" " ind2=" ">
   <subfield code="a">336 S.</subfield>
   <subfield code="b">zahlr. Ill., Kt.</subfield>
   <subfield code="c">30 cm</subfield>
   <subfield code="e">Beil. (1 Bl.)</subfield>
  </datafield>
  <datafield tag="336" ind1=" " ind2=" ">
   <subfield code="a">Text</subfield>
   <subfield code="b">txt</subfield>
   <subfield code="2">rdacontent</subfield>
  </datafield>
  <datafield tag="336" ind1=" " ind2=" ">
   <subfield code="a">unbewegtes Bild</subfield>
   <subfield code="b">sti</subfield>
   <subfield code="2">rdacontent</subfield>
  </datafield>
  <datafield tag="337" ind1=" " ind2=" ">
   <subfield code="a">ohne Hilfsmittel zu benutzen</subfield>
   <subfield code="b">n</subfield>
   <subfield code="2">rdamedia</subfield>
  </datafield>
  <datafield tag="338" ind1=" " ind2=" ">
   <subfield code="a">Band</subfield>
   <subfield code="b">nc</subfield>
   <subfield code="2">rdacarrier</subfield>
  </datafield>
  <datafield tag="500" ind1=" " ind2=" ">
   <subfield code="a">Ausstellungskatalog zur zweiten Ausstellung der Stiftung Miniaturensammlung Tansey im Bomann-Museum; da kein übergeordneter Titel genannt, nicht als mehrb. Werk behandeln Celle (Quelle: Schutzumschlag)</subfield>
  </datafield>
  <datafield tag="500" ind1=" " ind2=" ">
   <subfield code="a">Ausstellungsdaten aus dem Internet</subfield>
  </datafield>
  <datafield tag="583" ind1="1" ind2=" ">
   <subfield code="a">Archivierung/Langzeitarchivierung gewährleistet</subfield>
   <subfield code="f">SSG</subfield>
   <subfield code="x">XA-DE-BW</subfield>
   <subfield code="2">pdager</subfield>
   <subfield code="5">DE-16</subfield>
  </datafield>
  <datafield tag="583" ind1="1" ind2=" ">
   <subfield code="a">Archivierung prüfen</subfield>
   <subfield code="c">20251012</subfield>
   <subfield code="f">DE-4165</subfield>
   <subfield code="z">3</subfield>
   <subfield code="2">pdager</subfield>
  </datafield>
  <datafield tag="583" ind1="1" ind2=" ">
   <subfield code="a">Archivierung/Langzeitarchivierung gewährleistet</subfield>
   <subfield code="f">REG</subfield>
   <subfield code="x">XA-DE-NI</subfield>
   <subfield code="2">pdager</subfield>
   <subfield code="5">DE-35</subfield>
  </datafield>
  <datafield tag="600" ind1="1" ind2="0">
   <subfield code="a">Tansey, Lieselotte</subfield>
   <subfield code="x">Exhibitions</subfield>
   <subfield code="x">Art collections</subfield>
  </datafield>
  <datafield tag="600" ind1="1" ind2="0">
   <subfield code="a">Tansey, Ernest</subfield>
   <subfield code="x">Exhibitions</subfield>
   <subfield code="x">Art collections</subfield>
  </datafield>
  <datafield tag="600" ind1="1" ind2="4">
   <subfield code="a">Tansey, Ernest</subfield>
  </datafield>
  <datafield tag="600" ind1="1" ind2="4">
   <subfield code="a">Tansey, Lieselotte</subfield>
  </datafield>
  <datafield tag="650" ind1=" " ind2="0">
   <subfield code="a">Portrait miniatures, European</subfield>
   <subfield code="x">Exhibitions</subfield>
   <subfield code="x">19th century</subfield>
  </datafield>
  <datafield tag="650" ind1=" " ind2="0">
   <subfield code="a">Miniature painting, European</subfield>
   <subfield code="x">Exhibitions</subfield>
   <subfield code="x">19th century</subfield>
  </datafield>
  <datafield tag="650" ind1=" " ind2="0">
   <subfield code="a">Miniature painting</subfield>
   <subfield code="x">Exhibitions</subfield>
   <subfield code="x">Private collections</subfield>
   <subfield code="x">Germany</subfield>
   <subfield code="x">Celle</subfield>
  </datafield>
  <datafield tag="650" ind1=" " ind2="4">
   <subfield code="a">Bildnisminiatur</subfield>
  </datafield>
  <datafield tag="650" ind1=" " ind2="4">
   <subfield code="a">Sammlung</subfield>
  </datafield>
  <datafield tag="650" ind1=" " ind2="4">
   <subfield code="a">Katalog</subfield>
  </datafield>
  <datafield tag="653" ind1=" " ind2="0">
   <subfield code="a">Bomann-Museum / Stiftung Miniaturensammlung Tansey</subfield>
   <subfield code="a">Exhibitions</subfield>
  </datafield>
  <datafield tag="655" ind1=" " ind2="7">
   <subfield code="a">Katalog</subfield>
   <subfield code="0">(DE-588)4163417-2</subfield>
   <subfield code="0">(DE-627)105454966</subfield>
   <subfield code="0">(DE-576)209880899</subfield>
   <subfield code="2">gnd-content</subfield>
  </datafield>
  <datafield tag="655" ind1=" " ind2="7">
   <subfield code="a">Ausstellungskatalog</subfield>
   <subfield code="0">(DE-588)4135467-9</subfield>
   <subfield code="0">(DE-627)10566491X</subfield>
   <subfield code="0">(DE-576)209660988</subfield>
   <subfield code="2">gnd-content</subfield>
  </datafield>
  <datafield tag="655" ind1=" " ind2="7">
   <subfield code="a">Bildband</subfield>
   <subfield code="0">(DE-588)4145395-5</subfield>
   <subfield code="0">(DE-627)104450835</subfield>
   <subfield code="0">(DE-576)209741139</subfield>
   <subfield code="2">gnd-content</subfield>
  </datafield>
  <datafield tag="689" ind1="0" ind2="0">
   <subfield code="d">p</subfield>
   <subfield code="0">(DE-588)12235561X</subfield>
   <subfield code="0">(DE-627)705875539</subfield>
   <subfield code="0">(DE-576)214189643</subfield>
   <subfield code="a">Tansey, Ernest</subfield>
   <subfield code="d">1921-2014</subfield>
   <subfield code="2">gnd</subfield>
  </datafield>
  <datafield tag="689" ind1="0" ind2="1">
   <subfield code="d">s</subfield>
   <subfield code="0">(DE-588)4128844-0</subfield>
   <subfield code="0">(DE-627)105714259</subfield>
   <subfield code="0">(DE-576)209605545</subfield>
   <subfield code="a">Sammlung</subfield>
   <subfield code="2">gnd</subfield>
  </datafield>
  <datafield tag="689" ind1="0" ind2=" ">
   <subfield code="5">DE-101</subfield>
  </datafield>
  <datafield tag="689" ind1="1" ind2="0">
   <subfield code="d">p</subfield>
   <subfield code="0">(DE-588)122355628</subfield>
   <subfield code="0">(DE-627)705875547</subfield>
   <subfield code="0">(DE-576)214189651</subfield>
   <subfield code="a">Tansey, Lieselotte</subfield>
   <subfield code="d">1920-2016</subfield>
   <subfield code="2">gnd</subfield>
  </datafield>
  <datafield tag="689" ind1="1" ind2="1">
   <subfield code="d">s</subfield>
   <subfield code="0">(DE-588)4128844-0</subfield>
   <subfield code="0">(DE-627)105714259</subfield>
   <subfield code="0">(DE-576)209605545</subfield>
   <subfield code="a">Sammlung</subfield>
   <subfield code="2">gnd</subfield>
  </datafield>
  <datafield tag="689" ind1="1" ind2=" ">
   <subfield code="5">DE-101</subfield>
  </datafield>
  <datafield tag="689" ind1="2" ind2="0">
   <subfield code="d">s</subfield>
   <subfield code="0">(DE-588)4145427-3</subfield>
   <subfield code="0">(DE-627)105591076</subfield>
   <subfield code="0">(DE-576)209741406</subfield>
   <subfield code="a">Bildnisminiatur</subfield>
   <subfield code="2">gnd</subfield>
  </datafield>
  <datafield tag="689" ind1="2" ind2="1">
   <subfield code="a">z</subfield>
   <subfield code="2">gnd</subfield>
   <subfield code="a">Geschichte 1800-1899</subfield>
  </datafield>
  <datafield tag="689" ind1="2" ind2="2">
   <subfield code="d">s</subfield>
   <subfield code="0">(DE-588)4128844-0</subfield>
   <subfield code="0">(DE-627)105714259</subfield>
   <subfield code="0">(DE-576)209605545</subfield>
   <subfield code="a">Sammlung</subfield>
   <subfield code="2">gnd</subfield>
  </datafield>
  <datafield tag="689" ind1="2" ind2=" ">
   <subfield code="5">DE-101</subfield>
  </datafield>
  <datafield tag="689" ind1="3" ind2="0">
   <subfield code="d">p</subfield>
   <subfield code="0">(DE-588)12235561X</subfield>
   <subfield code="0">(DE-627)705875539</subfield>
   <subfield code="0">(DE-576)214189643</subfield>
   <subfield code="a">Tansey, Ernest</subfield>
   <subfield code="d">1921-2014</subfield>
   <subfield code="2">gnd</subfield>
  </datafield>
  <datafield tag="689" ind1="3" ind2="1">
   <subfield code="d">s</subfield>
   <subfield code="0">(DE-588)4128844-0</subfield>
   <subfield code="0">(DE-627)105714259</subfield>
   <subfield code="0">(DE-576)209605545</subfield>
   <subfield code="a">Sammlung</subfield>
   <subfield code="2">gnd</subfield>
  </datafield>
  <datafield tag="689" ind1="3" ind2="2">
   <subfield code="d">s</subfield>
   <subfield code="0">(DE-588)4163417-2</subfield>
   <subfield code="0">(DE-627)105454966</subfield>
   <subfield code="0">(DE-576)209880899</subfield>
   <subfield code="a">Katalog</subfield>
   <subfield code="2">gnd</subfield>
  </datafield>
  <datafield tag="689" ind1="3" ind2=" ">
   <subfield code="5">(DE-627)</subfield>
  </datafield>
  <datafield tag="689" ind1="4" ind2="0">
   <subfield code="d">p</subfield>
   <subfield code="0">(DE-588)122355628</subfield>
   <subfield code="0">(DE-627)705875547</subfield>
   <subfield code="0">(DE-576)214189651</subfield>
   <subfield code="a">Tansey, Lieselotte</subfield>
   <subfield code="d">1920-2016</subfield>
   <subfield code="2">gnd</subfield>
  </datafield>
  <datafield tag="689" ind1="4" ind2="1">
   <subfield code="d">s</subfield>
   <subfield code="0">(DE-588)4128844-0</subfield>
   <subfield code="0">(DE-627)105714259</subfield>
   <subfield code="0">(DE-576)209605545</subfield>
   <subfield code="a">Sammlung</subfield>
   <subfield code="2">gnd</subfield>
  </datafield>
  <datafield tag="689" ind1="4" ind2="2">
   <subfield code="d">s</subfield>
   <subfield code="0">(DE-588)4163417-2</subfield>
   <subfield code="0">(DE-627)105454966</subfield>
   <subfield code="0">(DE-576)209880899</subfield>
   <subfield code="a">Katalog</subfield>
   <subfield code="2">gnd</subfield>
  </datafield>
  <datafield tag="689" ind1="4" ind2=" ">
   <subfield code="5">(DE-627)</subfield>
  </datafield>
  <datafield tag="700" ind1="1" ind2=" ">
   <subfield code="a">Pappe, Bernd</subfield>
   <subfield code="d">1966-</subfield>
   <subfield code="e">VerfasserIn von ergänzendem Text</subfield>
   <subfield code="0">(DE-588)122436229</subfield>
   <subfield code="0">(DE-627)081941412</subfield>
   <subfield code="0">(DE-576)185805655</subfield>
   <subfield code="4">wst</subfield>
  </datafield>
  <datafield tag="700" ind1="1" ind2=" ">
   <subfield code="a">Schmieglitz-Otten, Juliane</subfield>
   <subfield code="d">1961-</subfield>
   <subfield code="e">VerfasserIn von ergänzendem Text</subfield>
   <subfield code="0">(DE-588)1026016738</subfield>
   <subfield code="0">(DE-627)72592215X</subfield>
   <subfield code="0">(DE-576)371006546</subfield>
   <subfield code="4">wst</subfield>
  </datafield>
  <datafield tag="700" ind1="1" ind2=" ">
   <subfield code="a">Otten, Dietrun</subfield>
   <subfield code="e">VerfasserIn von ergänzendem Text</subfield>
   <subfield code="0">(DE-588)122436202</subfield>
   <subfield code="0">(DE-627)081941390</subfield>
   <subfield code="0">(DE-576)293269637</subfield>
   <subfield code="4">wst</subfield>
  </datafield>
  <datafield tag="700" ind1="1" ind2=" ">
   <subfield code="a">Tansey, Lieselotte</subfield>
   <subfield code="d">1920-2016</subfield>
   <subfield code="0">(DE-588)122355628</subfield>
   <subfield code="0">(DE-627)705875547</subfield>
   <subfield code="0">(DE-576)214189651</subfield>
   <subfield code="4">oth</subfield>
  </datafield>
  <datafield tag="700" ind1="1" ind2=" ">
   <subfield code="a">Tansey, Ernest</subfield>
   <subfield code="d">1921-2014</subfield>
   <subfield code="0">(DE-588)12235561X</subfield>
   <subfield code="0">(DE-627)705875539</subfield>
   <subfield code="0">(DE-576)214189643</subfield>
   <subfield code="4">oth</subfield>
  </datafield>
  <datafield tag="710" ind1="2" ind2=" ">
   <subfield code="a">Stiftung Miniaturensammlung Tansey</subfield>
   <subfield code="0">(DE-588)5517650-1</subfield>
   <subfield code="0">(DE-627)328335169</subfield>
   <subfield code="0">(DE-576)198158351</subfield>
   <subfield code="4">oth</subfield>
  </datafield>
  <datafield tag="710" ind1="2" ind2=" ">
   <subfield code="a">Bomann-Museum Celle</subfield>
   <subfield code="0">(DE-588)2005799-4</subfield>
   <subfield code="0">(DE-627)101533829</subfield>
   <subfield code="0">(DE-576)191612960</subfield>
   <subfield code="4">oth</subfield>
  </datafield>
  <datafield tag="787" ind1="0" ind2="8">
   <subfield code="i">Rezensiert in</subfield>
   <subfield code="a">Kepetzis, Ekaterini, 1970 - </subfield>
   <subfield code="t">[Rezension von: Stiftung Miniaturensammlung Tansey im Boman-Museum Celle (Hrsg.), Miniaturen des 19. Jahrhunderts aus der Sammlung Tansey]</subfield>
   <subfield code="d">2003</subfield>
   <subfield code="w">(DE-627)1920617256</subfield>
  </datafield>
  <datafield tag="856" ind1="4" ind2="2">
   <subfield code="u">https://swbplus.bsz-bw.de/bsz102137129rez.htm</subfield>
   <subfield code="m">B:DE-576;DE-16</subfield>
   <subfield code="q">application/pdf</subfield>
   <subfield code="v">20081106090514</subfield>
   <subfield code="x">Verlag</subfield>
   <subfield code="3">Rezension</subfield>
   <subfield code="7">1</subfield>
  </datafield>
  <datafield tag="856" ind1="4" ind2="2">
   <subfield code="u">https://swbplus.bsz-bw.de/bsz102137129inh.htm</subfield>
   <subfield code="m">B:DE-576;DE-16</subfield>
   <subfield code="q">application/pdf</subfield>
   <subfield code="v">20091130085639</subfield>
   <subfield code="x">Verlag</subfield>
   <subfield code="3">Inhaltsverzeichnis</subfield>
   <subfield code="7">1</subfield>
  </datafield>
  <datafield tag="856" ind1="4" ind2="2">
   <subfield code="u">http://www.sehepunkte.de/2003/02/3023.html</subfield>
   <subfield code="m">V:DE-576;X:Sehepunkte</subfield>
   <subfield code="q">text/html</subfield>
   <subfield code="v">20180424113608</subfield>
   <subfield code="3">Rezension</subfield>
   <subfield code="7">1</subfield>
  </datafield>
  <datafield tag="935" ind1=" " ind2=" ">
   <subfield code="i">Blocktest</subfield>
  </datafield>
  <datafield tag="936" ind1="r" ind2="v">
   <subfield code="a">LH 70450</subfield>
   <subfield code="b">Porträt</subfield>
   <subfield code="k">Kunstgeschichte</subfield>
   <subfield code="k">Allgemeines. Allgemeine Kunstgeschichte</subfield>
   <subfield code="k">Kunstgeschichte einzelner Gattungen der Kunst</subfield>
   <subfield code="k">Malerei</subfield>
   <subfield code="k">Gegenstände (Darstellungen nichtikonographischen Charakters)</subfield>
   <subfield code="k">Porträt</subfield>
   <subfield code="0">(DE-627)1271028514</subfield>
   <subfield code="0">(DE-625)rvk/94828:</subfield>
   <subfield code="0">(DE-576)201028514</subfield>
  </datafield>
  <datafield tag="936" ind1="b" ind2="k">
   <subfield code="a">21.10</subfield>
   <subfield code="j">Miniaturmalerei</subfield>
   <subfield code="0">(DE-627)10640668X</subfield>
  </datafield>
  <datafield tag="936" ind1="b" ind2="k">
   <subfield code="a">20.24</subfield>
   <subfield code="j">Gesellschaft</subfield>
   <subfield code="j">Kultur</subfield>
   <subfield code="x">Ikonographie</subfield>
   <subfield code="0">(DE-627)106423622</subfield>
  </datafield>
  <datafield tag="951" ind1=" " ind2=" ">
   <subfield code="a">BO</subfield>
  </datafield>
  <datafield tag="990" ind1=" " ind2=" ">
   <subfield code="a">Tansey, Ernest</subfield>
  </datafield>
  <datafield tag="990" ind1=" " ind2=" ">
   <subfield code="a">Sammlung</subfield>
  </datafield>
  <datafield tag="990" ind1=" " ind2=" ">
   <subfield code="a">Tansey, Lieselotte</subfield>
  </datafield>
  <datafield tag="990" ind1=" " ind2=" ">
   <subfield code="a">Sammlung</subfield>
  </datafield>
  <datafield tag="990" ind1=" " ind2=" ">
   <subfield code="a">Bildnisminiatur</subfield>
  </datafield>
  <datafield tag="990" ind1=" " ind2=" ">
   <subfield code="a">Geschichte 1800-1899</subfield>
  </datafield>
  <datafield tag="990" ind1=" " ind2=" ">
   <subfield code="a">Sammlung</subfield>
  </datafield>
  <datafield tag="990" ind1=" " ind2=" ">
   <subfield code="a">Tansey, Ernest</subfield>
  </datafield>
  <datafield tag="990" ind1=" " ind2=" ">
   <subfield code="a">Sammlung</subfield>
  </datafield>
  <datafield tag="990" ind1=" " ind2=" ">
   <subfield code="a">Katalog</subfield>
  </datafield>
  <datafield tag="990" ind1=" " ind2=" ">
   <subfield code="a">Tansey, Lieselotte</subfield>
  </datafield>
  <datafield tag="990" ind1=" " ind2=" ">
   <subfield code="a">Sammlung</subfield>
  </datafield>
  <datafield tag="990" ind1=" " ind2=" ">
   <subfield code="a">Katalog</subfield>
  </datafield>
  <datafield tag="991" ind1=" " ind2=" ">
   <subfield code="a">Rezensiertes Werk</subfield>
  </datafield>
  <datafield tag="999" ind1=" " ind2=" ">
   <subfield code="a">KXP-PPN358544289</subfield>
   <subfield code="e">4955648959</subfield>
  </datafield>
 </record>
</collection>
